Регионална библиотека "Любен Каравелов" - Русе

Георги Раковски и българите от Бесарабия, Одеса и Банат (Запис номер 517680)

MARC детайли
000 -Лидер
Контролно поле с фиксирана дължина 01665nam a2200313 a 4500
003 - Код на организацията, давaща контролен номер
Контролно поле BLK
005 - Дата и час на последна редакция
Контролно поле 20240925140005.0
008 - Елементи от данни с фиксирана дължина
fixed length control field 181220b bu |||gr|||| 00| 0 bu d
020 ## - Международен стандартен номер на книга ISBN
Международен стандартен номер на книга ISBN 9786197717150
040 ## - Източник на каталожния запис
Идентификатор на билиотеката - собственик на записа BLK
041 ## - Код за език
Код за езика на текст/звукозапис или на отделно заглавие Български
Код за езика КДБФ Български
080 ## - УДК
Текстов определител УДК Националноосвободителното движение в България (1856-1877)
УДК код - определител по УДК 94(497.2)"1856/1877"
УДК - код + определител 94(497.2)"1856/1877"(092)
080 ## - УДК
Текстов определител УДК Съби Стойков Попович. Български революционер и възрожденец, революционен демократ, публицист, журналист, историк и етнограф
УДК код - определител по УДК 929 Раковски, Георги Сава
УДК - код + определител 929 Раковски, Георги Сава
100 ## - Редна дума - Автор
R(LIN) 336046
Автор Караиванов, Никола Борисов
Авторска отговорност първи автор
139 ## - Редно поле
Редна дума Караиванов, Никола Борисов
Авторски знак Рако - Р 31
245 ## - Сведения за заглавието
Заглавие Георги Раковски и българите от Бесарабия, Одеса и Банат
Редно поле (дума) Никола Караиванов
250 ## - Област на изданието
Сведения за изданието 2. прераб. и доп. изд.
257 ## - Страна на издаване
Страна на създаване/издаване България
260 ## - Област на издателските данни
9 (RLIN) 210365
Място на издаване, разпространение и проч. София
Име на издателя, разпространителя и проч. Огледало
Година на издаване 2024
Издателство - префикс ISBN 978-954-8041- ; 954-90553- ; 954-90846-
300 ## - Физическа характеристика
Страници 391 с.
Размери/Мащаб 24 см
380 ## - Жанр
Жанр История
500 ## - Общи забележки
Забележка 1. изд. 2021
600 #0 - Име на лице, използвано като предмет
9 (RLIN) 253733
За него / За нея Раковски, Георги Стойков
650 #0 - Допълнително описание по предмет – тема
9 (RLIN) 246435
Основно описание – тема или топоним Възрожденци, български
650 #0 - Допълнително описание по предмет – тема
9 (RLIN) 336048
Основно описание – тема или топоним Малцинства, български - Украйна
650 #7 - Допълнително описание по предмет – тема
9 (RLIN) 161070
Основно описание – тема или топоним Малцинства, български - Молдова
856 ## - Електронен адрес и достъп
Инструкция (цена за достъп) 0.00
Права за достъп disable
942 ## - АРТИКУЛИ
Вид на библиотечния материал Книги
Скрит в OPAC Не
Периодичен библиозапис Да
999 ## - СИСТЕМНИ КОНТРОЛНИ НОМЕРА
Koha biblionumber 517680
Koha biblioitemnumber 517680
944 ## - СЪЗДАВАНЕ И РЕДАКЦИЯ на ЗАПИСА
Създаване/Редакция
Дата на регистрацията/редакция Нора Радева
Служител, извършил регистрацията/редакцията 30545
Статус, дата на статуса Нора Радева
Наличности
Код за отписване Код за изгубен артикул Източник на класификационната схема Код за повреда Коз за рестрикции Код за отдаване Артикулен № Име на библиотеката - собственик Име на библиотеката, в която се намира в момента Статус (Текущо местоположение) Дата на вписване в системата Местоположение - отдел Цена в лева Инвентарен номер Систематично азбучна сигнатура Баркод Цена в евро Служебен тип на артикула
  Не е изгубен Universal Decimal Classification Не е повреден само за читалня ползва се в читалня 949951 Регионална библиотека "Любен Каравелов" Русе Регионална библиотека "Любен Каравелов" Русе Краезнание 2024-09-27 Краезнание 40.00 120000913318 К 94(497.2)"1856/1877"(092)/Р 31 Г 120000913318 20.45 Книги
  Не е изгубен Universal Decimal Classification Не е повреден само за читалня ползва се в читалня 976204 Регионална библиотека "Любен Каравелов" Русе Регионална библиотека "Любен Каравелов" Русе Хранилище 2025-06-13 Основен фонд - ползва се само за читалня 40.00 120000920602 Цб 327140 120000920602 20.45 Книги
Vip Innovations Ltd, Rousse, Bulgaria 2025